000
00270nam a2200109Ia 4500
005
20251222143213.0
008
251222s9999||||xx |||||||||||||| ||spa||
082
_a
338.92/C78/2003
245
0
_a
Hacia una Agenda Social para América Latina
264
_b
CAF
942
_c
LIB
999
_c
13528
_d
13528